00313nam a2200133Ia 4500008004100000020001500041041001200056082001600068100001500084245002500099260003100124300000900155650001500164221030s9999 xx 000 0 und d a8120309135 aEnglish a105.23bEtz aA. Etzioni 0aModern Organizations bAnmol PubaNew Delhic1999 a1999 aManagement